000 00667nam a2200217 i 4500
001 15982
003 ES-MaACL
005 20231125063005.0
007 t|
008 000530s1999 sp ||||1| spa d
020 _a84-7846-807-2
080 _a821.134.2-92"19"
100 1 _aDíez, Luis Mateo,
_d1942-
_944658
245 1 3 _aEl porvenir de la ficción /
_cLuis Mateo Díez.
260 _a[Salamanca] :
_bJunta de Castilla y León, Consejería de Educación y Cultura,
_c1999.
300 _a99 p. ;
_c22 cm.
490 1 _aEnsayo/las letras
830 0 _aEnsayo/las letras
_9179849
852 _aES-MaACL
_jL-23150
_bR.128272
999 _c15982
_d15982